Normal view
MARC view
- قضاء مدني -- محاكمات -- الاردن
Entry Topical Term
001 - CONTROL NUMBER
- control field: 46861
003 - CONTROL NUMBER IDENTIFIER
- control field: JO-AjAnu
005 - DATE AND TIME OF LATEST TRANSACTION
- control field: 20230606081736.0
008 - FIXED-LENGTH DATA ELEMENTS
- fixed length control field: 230606|| aca||aabn | a|a d
040 ## - CATALOGING SOURCE
- Original cataloging agency: JO-AjAnu
- Transcribing agency: JO-AjAnu
150 ## - HEADING--TOPICAL TERM
- Topical term or geographic name entry element: قضاء مدني -- محاكمات -- الاردن
670 ## - SOURCE DATA FOUND
- Source citation: Work cat.: (JO-AjAnu)23984: الاعرج ، موسى فهد , author 46860, الموجز في شرح قانون أصول المحاكمات المدنية الأردني ( قانون رقم 24 لسنة 1988 )